Orígenes del Reino de Pamplona (Record no. 137417)

MARC details
000 -LEADER
campo de control de longitud fija 00841nam a2200205 i 4500
001 - NÚMERO DE CONTROL
campo de control 137417
003 - IDENTIFICADOR DE NÚMERO DE CONTROL
campo de control ES-MaACL
005 - FECHA Y HORA DE LA ÚLTIMA TRANSACCIÓN
campo de control 20240527195148.0
007 - CAMPO FIJO DE DESCRIPCIÓN FÍSICA--INFORMACIÓN GENERAL
campo de control de longitud fija t|
008 - DATOS DE LONGITUD FIJA--INFORMACIÓN GENERAL
campo de control de longitud fija 070214s1981 sp c |||| | spa d
100 1# - ENTRADA PRINCIPAL--NOMBRE DE PERSONA
Nombre de persona Sánchez-Albornoz, Claudio,
Fechas asociadas al nombre 1893-1984
9 (RLIN) 102440
245 10 - MENCIÓN DEL TÍTULO
Título Orígenes del Reino de Pamplona
Resto del título : su vinculación con el Valle del Ebro /
Mención de responsabilidad, etc. Claudio Sánchez-Albornoz ; introducción, recogida y ordenación de textos por Francisco Javier de Lizarda Inda.
260 ## - PUBLICACIÓN, DISTRIBUCIÓN, ETC.
Lugar de publicación, distribución, etc. Pamplona :
Nombre del editor, distribuidor, etc. Institución Príncipe de Viana,
Fecha de publicación, distribución, etc. 1981.
300 ## - DESCRIPCIÓN FÍSICA
Extensión 217 p., 5 lám. :
Otras características físicas retr. autor ;
Dimensiones 24 cm.
651 #4 - PUNTO DE ACCESO ADICIONAL DE MATERIA--NOMBRE GEOGRÁFICO
Nombre geográfico Navarra (Reino)-
Subdivisión general Historia.
9 (RLIN) 9115
700 1# - ENTRADA AGREGADA--NOMBRE PERSONAL
Nombre de persona Lizarda Inda, Francisco Javier de.
9 (RLIN) 72610
710 2# - ENTRADA AGREGADA--NOMBRE DE ENTIDAD CORPORATIVA
Nombre de entidad corporativa o nombre de jurisdicción como elemento de entrada Institución Príncipe de Viana
9 (RLIN) 4730
852 ## - LOCALIZACIÓN
Ubicación ES-MaACL
Número de control de estantería L-3083
Sublocalización o colección R.103224
Holdings
Estatus retirado Estado de pérdida Estado de daño No para préstamo Biblioteca de origen Biblioteca actual Ubicación en estantería Fecha de adquisición Fuente de adquisición Total de préstamos Signatura topográfica completa Código de barras Visto por última vez Precio de reemplazo Tipo de ítem Koha
        Biblioteca del Ateneo de Madrid Biblioteca del Ateneo de Madrid Depósito 2 17/01/2008     L-3083 1143002 23/02/2023 23/02/2023 Libro impreso